Ethnic Struggle, Coexistence and Democratization in Eastern Europe

Salvato in:
Dettagli Bibliografici
Autore principale: Stroschein, Sherrill
Natura: Libro
Lingua:inglese
Pubblicazione: New York Cambridge University Press 2014
Serie:Cambridge Studies in Contentious Politics
Soggetti:
Tags: Aggiungi Tag
Nessun Tag, puoi essere il primo ad aggiungerne!!

MARC

LEADER 00000nam a2200000 4500
001 0242300
005 20240306140244.3
020 |a 978-1-107-65694-9 
020 |a 978-1-107-00524-2 
041 0 |a eng 
044 |a US 
245 1 0 |a Ethnic Struggle, Coexistence and Democratization in Eastern Europe  |c Sherrill Stroschein 
264 1 |a New York  |b Cambridge University Press  |c 2014 
300 |a 289 s. 
490 1 |a Cambridge Studies in Contentious Politics 
830 0 |a Cambridge Studies in Contentious Politics 
610 2 0 |a konflikty etnické 
610 2 0 |a demokracia 
610 2 0 |a politika 
610 2 0 |a autonómia 
610 2 0 |a východná Európa 
100 1 |a Stroschein, Sherrill